Mind Of An Entrepreneur/ (Record no. 214445)

MARC details
000 -LEADER
fixed length control field 00529nam a22001937a 4500
005 - DATE AND TIME OF LATEST TRANSACTION
control field 20260122113306.0
010 ## - LCCN (DPL NO)
LC control number ENG-147638
020 ## - INTERNATIONAL STANDARD BOOK NUMBER
International Standard Book Number 9788198519924
Terms of availability 395.00
035 ## - SYSTEM CONTROL NUMBER
System control number EN-131170
037 ## - SOURCE OF ACQUISITION
Source of stock number/acquisition DBAD
082 ## - DEWEY DECIMAL CLASSIFICATION NUMBER
Classification number 158.1
Edition number 1
100 ## - MAIN ENTRY--PERSONAL NAME
Personal name Sehgal, Arun
245 ## - TITLE STATEMENT
Title Mind Of An Entrepreneur/
Statement of responsibility, etc Sehgal, Arun
250 ## - EDITION STATEMENT
Edition statement 1
260 ## - PUBLICATION, DISTRIBUTION, ETC. (IMPRINT)
Place of publication, distribution, etc Mumbai
Name of publisher, distributor, etc Popular Prakashan
Date of publication, distribution, etc 2025
270 ## - ADDRESS
Address 301, Bhulabhai Desai Road,
City Mumbai
Postal code 400026
300 ## - PHYSICAL DESCRIPTION
Extent 171p.:
Dimensions 22cm(pb)
942 ## - ADDED ENTRY ELEMENTS (KOHA)
Source of classification or shelving scheme Dewey Decimal Classification
Item type English Books
Classification part 158.1
Call number suffix SEH
Holdings
Withdrawn status Lost status Not for loan Collection code Home library Current library Date acquired Source of acquisition Cost, normal purchase price Full call number Barcode Copy number Cost, replacement price Koha item type
      Non-fiction Sarojini Nagar Sarojini Nagar 22/01/2026 Delivery of Books Act Division 395.00 158.1 SEH EN-131170 1 395.00 English Books

© Delhi Public Library
Hit Counter
free hit counter